Biblioteca y Centro de Documentación

Problemática de la dependencia en España (Registro nro. 22013)

Detalles MARC
000 -CABECERA
Longitud fija campo de control 01803nam a2200481 c 4500
001 - NÚMERO DE CONTROL
Número de control 22013
003 - IDENTIFICADOR DE NÚMERO DE CONTROL
Identificador del número de control ES-MaCES
005 - FECHA Y HORA DE LA ÚLTIMA TRANSACCIÓN
Fecha y hora de la última transacción 20141221122747.0
008 - CAMPO FIJO DE DESCRIPCIÓN FIJA--INFORMACIÓN GENERAL
Códigos de información de longitud fija   090330s2009 sp bd t o000 | spa d
017 ## - NÚMERO DE REGISTRO DE DERECHOS DE AUTOR Y DEPÓSITO LEGAL
Número de copyright o de depósito legal M 5422-2009
Agencia que asigna el número DL
020 ## - ISBN (INTERNATIONAL STANDARD BOOK NUMBER)
Número Internacional Normalizado para Libros (ISBN) 9788489116474
024 7# - OTROS IDENTIFICADORES
Número normalizado o código 201-05-144-8
Fuente del número o código nipo
035 ## - NÚMERO DE CONTROL DEL SISTEMA
Número de control del sistema CES20090003676m
040 ## - FUENTE DE CATALOGACIÓN
Centro catalogador de origen ES-MaCES
Lengua de catalogación spa
Centro transcriptor ES-MaCES
100 1# - ENCABEZAMIENTO PRINCIPAL--NOMBRE PERSONAL
Nombre de persona Serrano Martínez, Lorenzo
9 (RLIN) 23924
245 10 - MENCIÓN DE TÍTULO
Título Problemática de la dependencia en España
Resto del título : aspectos demográficos y del mercado de trabajo
Mención de responsabilidad, etc. Lorenzo Serrano, Ángel Soler
260 ## - PUBLICACIÓN, DISTRIBUCIÓN, ETC (PIE DE IMPRENTA)
Lugar de publicación, distribución, etc. Madrid
Nombre del editor, distribuidor, etc. Fundación de las Cajas de Ahorros (FUNCAS)
Fecha de publicación, distribución, etc. [2009]
300 ## - DESCRIPCIÓN FÍSICA
Extensión 278 p.
Otras características físicas gráf., mapas bl. y n.
Dimensiones 24 cm
490 1# - MENCIÓN DE SERIE
Mención de serie Estudios de la Fundación
Designación de volumen o secuencia 37. Serie economía y sociedad
504 ## - NOTA DE BIBLIOGRAFÍA, ETC.
Nota de bibliografía, etc. Bibliografía: p. 277-278
541 ## - NOTA DE LA FUENTE INMEDIANTE DE ADQUISICIÓN
Forma de adquisición Gratuito
650 #4 - ASIENTO SECUNDARIO DE MATERIA--TÉRMINO DE MATERIA
Término de materia o nombre geográfico como elemento inicial personas de edad avanzada
9 (RLIN) 28521
650 #4 - ASIENTO SECUNDARIO DE MATERIA--TÉRMINO DE MATERIA
Término de materia o nombre geográfico como elemento inicial persona con discapacidad
9 (RLIN) 28689
650 #4 - ASIENTO SECUNDARIO DE MATERIA--TÉRMINO DE MATERIA
Término de materia o nombre geográfico como elemento inicial discapacidad permanente
9 (RLIN) 29675
650 #4 - ASIENTO SECUNDARIO DE MATERIA--TÉRMINO DE MATERIA
Término de materia o nombre geográfico como elemento inicial aspecto demográfico
9 (RLIN) 30428
650 #4 - ASIENTO SECUNDARIO DE MATERIA--TÉRMINO DE MATERIA
Término de materia o nombre geográfico como elemento inicial mercado de trabajo
9 (RLIN) 28292
650 #4 - ASIENTO SECUNDARIO DE MATERIA--TÉRMINO DE MATERIA
Término de materia o nombre geográfico como elemento inicial empleo
9 (RLIN) 28299
650 #4 - ASIENTO SECUNDARIO DE MATERIA--TÉRMINO DE MATERIA
Término de materia o nombre geográfico como elemento inicial evaluación del impacto
9 (RLIN) 30732
650 #4 - ASIENTO SECUNDARIO DE MATERIA--TÉRMINO DE MATERIA
Término de materia o nombre geográfico como elemento inicial cuidado a las personas con discapacidad
9 (RLIN) 27063
650 #4 - ASIENTO SECUNDARIO DE MATERIA--TÉRMINO DE MATERIA
Término de materia o nombre geográfico como elemento inicial asistencia a las personas de edad avanzada
9 (RLIN) 27061
650 #4 - ASIENTO SECUNDARIO DE MATERIA--TÉRMINO DE MATERIA
Término de materia o nombre geográfico como elemento inicial trabajador migrante
9 (RLIN) 28408
650 #4 - ASIENTO SECUNDARIO DE MATERIA--TÉRMINO DE MATERIA
Término de materia o nombre geográfico como elemento inicial desigualdad regional
9 (RLIN) 29372
650 #4 - ASIENTO SECUNDARIO DE MATERIA--TÉRMINO DE MATERIA
Término de materia o nombre geográfico como elemento inicial Comunidades Autónomas
9 (RLIN) 30768
650 #4 - ASIENTO SECUNDARIO DE MATERIA--TÉRMINO DE MATERIA
Término de materia o nombre geográfico como elemento inicial España
9 (RLIN) 26964
650 #4 - ASIENTO SECUNDARIO DE MATERIA--TÉRMINO DE MATERIA
Término de materia o nombre geográfico como elemento inicial cuadros estadísticos
9 (RLIN) 28890
653 10 - TÉRMINO DE INDEXACIÓN--NO CONTROLADO
Término no controlado Asuntos Sociales
700 1# - ENCABEZAMIENTO SECUNDARIO--NOMBRE PERSONAL
Nombre de persona Soler, Ángel
9 (RLIN) 24235
710 2# - ENCABEZAMIENTO SECUNDARIO--NOMBRE CORPORATIVO
Nombre de entidad o nombre de jurisdicción como elemento inicial Fundación de las Cajas de Ahorros
Término indicativo de función ed.
9 (RLIN) 3800
830 #0 - ENCABEZAMIENTO SECUNDARIO DE COLECCIÓN--TÍTULO UNIFORME
Título uniforme Estudios de la Fundación de las Cajas de Ahorros
Nombre de parte o sección de la obra Serie Economía y sociedad
Designación de volumen o secuencia 37
9 (RLIN) 34278
902 ## - CES. TIPO DE DOCUMENTO
Tipodoc (006$c Sirtex) LIB Libro
942 ## - ELEMENTOS KOHA
Fuente de clasificaión o esquema Clasificación propia del CES
Koha [por defecto] tipo de item Monografías
Parte de clasificación 3.3.
Existencias
Número de registro Signatura completa Tipo de item de Koha
073698 SG-3.3.-420 Monografías
© CES, Consejo Económico y Social de España 2021